LEADER 01303nam a2200241 i 4500 001 000000150269 003 CaOOAMICUS 005 20060512000000.0 008 060512s1963 xx u000 u fre u 013 $a127607 040 $aSeMil$bita 100 1 $aLe Déaut, Roger,$c.$0(OLS)http://semarc/name/7270 245 13$aLa nuit pascale :$bessai sur la signification de la Pâque juive à partir du Targum d'Exode 12. 42 /$cRoger Le Déaut C.S.Sp. Docteur ès Sciences bibliques, directeur au Séminaire français. 260 $aRome :$bInstitut biblique pontifical,$c1963. 300 $a423 p., [2] c. di tav. ;$c24 cm. 490 0 $aAnalecta Biblica : investigationes scientificae in res biblicas ;$v22 650 4$aPasqua ebraica - Fonti bibliche.$0(OLS)http://semarc/subject/29398 650 4$aBibbia. Antico Testamento. Esodo, 12,42.$0(OLS)http://semarc/subject/29399 830 0$aAnalecta biblica ;$v22.$0(OLS)http://semarc/title/6 850 $aSeMil 852 $aSeMil$W1$xVenegono$y1$m2HA G 22$j236187$B102423$CSeMilBibl$Z2$F111098 $81 996 $6245$aLa nuit pascale :$bessai sur la signification de la Pâque juive à partir du Targum d'Exode 12. 42$9(OLS)http://semarc/title/219744 996 $6260$aRome :$bInstitut biblique pontifical$9(OLS)http://semarc/publisher/34223 LEADER 01378nam a2200289 4500 001 000000344764 003 CaOOAMICUS 005 20260402110927.0 008 210310s2008 xxka 000 u eng r 020 $a0-567-03396-1 020 $a978-0-567-03396-3 040 $aSeMil$bita 100 1 $aGrabbe, Lester L.,$d<1945- >.$0(OLS)http://semarc/name/85890 245 10$a2: The early Hellenistic period (335-175 BCE) /$cLester L. Grabbe. 264 1$aLondon ; New York :$bT&T Clark,$c2008. 300 $aXXI, 434 p. :$bill. ;$c24 cm 490 1 $aLibrary of Second Temple studies ;$v68 504 $aBibliography, p. 337-396 773 0 $aGrabbe, Lester L. <1945- >$tHistory of the Jews and Judaism in the Second Temple Period.$dLondon ; New York : T&T Clark, 2004-2008.$kLibrary of Second Temple studies$g2$w()344761 830 0$aLibrary of Second Temple studies ;$v68.$0(OLS)http://semarc/title/433844 850 $aSeMil 852 $aSeMil$W1$xVenegono$y1$m2V V 27$j269619$B235800$CSeMilBibl$Z2$F235800 $81 996 $6020$a0-567-03396-1$9(OLS)http://semarc/number/292566 996 $6020$a978-0-567-03396-3$9(OLS)http://semarc/number/292567 996 $6245$a2: The early Hellenistic period (335-175 BCE)$9(OLS)http://semarc/title/433846 996 $6264$aLondon ; New York :$bT&T Clark$9(OLS)http://semarc/publisher/53257